| 000 | 00706nam a2200193 i 4500 | ||
|---|---|---|---|
| 001 | 134392 | ||
| 003 | ES-MaACL | ||
| 005 | 20250729062628.0 | ||
| 007 | t| | ||
| 008 | 070910s1954 sp ||||1| spa d | ||
| 100 | 1 |
_aXifra Heras, Jorge. _9117505 |
|
| 245 | 1 | 0 |
_aIntroducción al estudio de las modernas tendencias políticas _b: (ensayo sobre la intensidad y subjetivación del poder) / _cJorge Xifra Heras ; prólogo de Wenceslao González Ontiveros. |
| 260 |
_aBarcelona : _bBosch, _c[1954] ( _fClarasó) |
||
| 300 |
_a271 p. ; _c23 cm. |
||
| 650 | 7 |
_aPolítica _2embne _9140345 |
|
| 700 | 1 |
_aGonzález Oliveros, Wenceslao. _958845 |
|
| 852 |
_aES-MaACL _jC-8239 _bR.36230 |
||
| 999 |
_c134392 _d134392 |
||